000 00697cam a2200253 i 4500
001 200468071
003 TR-AnTOB
005 20260413120108.0
007 ta
008 830324s1969 cou 000 0 eng
040 _aDLC
_beng
_erda
_cCarP
_dDLC
_dTR-AnTOB
041 0 _aeng
050 1 4 _aPS3557.L39
_bY68 1969
090 _aPS3557.L39
_bY68 1969
100 1 _aGlazier, Lyle
_eauthor
_9153471
245 1 0 _aYou too /
_cby Lyle Glazier.
264 3 _aİstanbul :
_bİstanbul Matbbası,
_c1969.
300 _a52 pages ;
_c27 cm
336 _atext
_btxt
_2rdacontent
337 _aunmediated
_bn
_2rdamedia
338 _avolume
_bnc
_2rdacarrier
942 _2lcc
_cBK
999 _c200468071
_d86283